Základné ukazovatele za materské a základné školy, gymnáziá a stredné odborné školy

Salvato in:
Dettagli Bibliografici
Natura: Libro
Lingua:slovacco
Pubblicazione: Bratislava Slovenský štatistický úrad 1992
Soggetti:
Tags: Aggiungi Tag
Nessun Tag, puoi essere il primo ad aggiungerne!!

MARC

LEADER 00000nam a2200000 4500
001 c003342
005 20251218081151.2
041 0 |a slo 
044 |a SK 
245 1 0 |a Základné ukazovatele za materské a základné školy, gymnáziá a stredné odborné školy 
264 1 |a Bratislava  |b Slovenský štatistický úrad  |c 1992 
300 |a Nestr. 
610 2 0 |a Slovensko 
610 2 0 |a školstvo 
610 2 0 |a zariadenia predškolské 
610 2 0 |a školy základné 
610 2 0 |a gymnáziá 
610 2 0 |a školy stredné odborné